| 000 | 00756nam a2200217Ia 4500 | ||
|---|---|---|---|
| 999 |
_c39864 _d39864 |
||
| 001 | 6469 | ||
| 003 | GE_BSU | ||
| 005 | 20191118122855.0 | ||
| 008 | 181216s||||||||xx |||||||||||||| ||und|| | ||
| 040 | _cGE_BSU | ||
| 041 | _ageo | ||
| 080 | _a61(035)+616(035) ქ-29 | ||
| 100 |
_aქაროსანიძე, ირინა _95397 |
||
| 245 |
_aსაოჯახო მედიცინა / _cრედ. ოთარ ვასაძე. |
||
| 264 |
_aთბილისი, _c2001. |
||
| 300 |
_a351 გვ.: _bილ.; _c26 სმ. |
||
| 653 | _aმედიცინა | ||
| 700 |
_aგაბუნია, თ. _eავტორი _95398 |
||
| 700 |
_aვასაძე, ოთარ _eრედაქტორი _95399 |
||
| 942 |
_cBK _2udc |
||